000 00926 a2200217 4500
999 _c7978
_d7978
020 _a0761941762 (pbk.)
020 _a0761941754
050 0 0 _aLB1139.35 BRU 2004
100 1 _aBruce, Tina.
_eauthor
245 1 0 _aDeveloping learning in early childhood /
_cTina Bruce.
264 _aLondon :
_bPaul Chapman,
_c2004.
300 _axiv, 229 p. :
_bill. ;
440 0 _a0-8 series
500 _aIncludes bibliographical references (p. 213-225) and index.
504 _aIncludes bibliographical references (p. 213-225) and index.
650 0 _aEarly childhood education
_xParent participation.
856 4 2 _3Publisher description
_uhttp://www.loc.gov/catdir/enhancements/fy0657/2003106582-d.html
856 4 1 _3Table of contents only
_uhttp://www.loc.gov/catdir/enhancements/fy0657/2003106582-t.html
942 _2lcc
_cBK
_h1139.35
_iBRU
_kLB